Soares (Record no. 46010)
[ view plain ]
| 000 -Etiqueta do registo | |
|---|---|
| Valores | 00335nam a2200157 4500 |
| 100 ## - Dados gerais de processamento | |
| Dados gerais | 20260421 pory50 |
| 101 ## - Língua de publicação | |
| Língua | por |
| 102 ## - País de publicação | |
| País | PT |
| 200 ## - Titulo e menção de responsabilidade | |
| Título próprio | Soares |
| Primeira menção de responsabilidade | Maria João Avillez |
| 210 ## - Publicação | |
| Local de publicação | [S.l.] |
| Nome do editor | Público |
| Data de publicação | 1996 |
| 215 ## - Descrição física | |
| Paginação / Volumes | 3 v. |
| Outras indicações físicas | il. |
| 675 ## - CDU | |
| Notação | 82-83 |
| 801 ## - Fonte de origem | |
| País | PT |
| Regras de catalogação | RPC |
| 990 ## - Elementos KOHA | |
| Tipo de documento | Livro |
| Aquisição | Empréstimo | Código de barras | Cota | Permissão de empréstimo | Tipo de documento | Nota relativa ao exemplar |
|---|---|---|---|---|---|---|
| Biblioteca Escolar Doutor Hernâni Cidade | Biblioteca Escolar Doutor Hernâni Cidade | 82856 | 82-83 AVI ENTREVISTA | Livro | Soares: Ditadura e Revolução | |
| Biblioteca Escolar Doutor Hernâni Cidade | Biblioteca Escolar Doutor Hernâni Cidade | 82857 | 82-83 AVI ENTREVISTA | Livro | Soares: Democracia | |
| Biblioteca Escolar Doutor Hernâni Cidade | Biblioteca Escolar Doutor Hernâni Cidade | 82858 | 82-83 AVI ENTREVISTA | Livro | Soares: o Presidente |